LIBRARY & INFORMATION CENTRE, KCAET, TAVANUR

ONLINE PUBLIC ACCESS CATALOGUE (OPAC)

Beach of Falesa / (Record no. 3437)

MARC details
000 -LEADER
fixed length control field 00333cam a2200145ua 4500
041 ## - LANGUAGE CODE
Language code of text/sound track or separate title eng
082 ## - DEWEY DECIMAL CLASSIFICATION NUMBER
Classification number 823.308
Item number THO/BE
100 ## - MAIN ENTRY--AUTHOR NAME
Personal name Thomas, Dylan .
245 ## - TITLE STATEMENT
Title Beach of Falesa /
260 ## - PUBLICATION, DISTRIBUTION, ETC. (IMPRINT)
Place of publication :
Name of publisher Jondhan Cape ,
Year of publication 1964.
300 ## - PHYSICAL DESCRIPTION
Number of Pages 123 ; .
942 ## - ADDED ENTRY ELEMENTS (KOHA)
Koha item type Books
Holdings
Withdrawn status Lost status Damaged status Home library Current library Date acquired Cost, normal purchase price Full call number Accession Number Koha item type Public note
Withdrawn     KAUAET Sanskrit University 07/04/2012 15.00 823.308 6711 Books Transferred to Sanskrit University
free website counter